-Drome Vocabulary Words - Statistics

General Stats
  • This quiz has been taken 181 times
  • The average score is 2 of 5
Answer Stats
-drome % Correct
palindrome
79%
velodrome
32%
aerodrome
29%
syndrome
27%
hippodrome
19%
No matching quizzes found
Score Distribution
Percent of People with Each Score
Percentile by Number Answered
Your Score History
You have not taken this quiz